Štúdia k pojmu cestovný ruch orientovaný na životné prostredie
Cestovný ruch orientovaný na životné prostredie a jeho charakteristika. Odporúčania pre cestovný ruch orientovaný na životné prostredie uvedené v Churskej deklarácii z r. 1984.
Uložené v:
| Hlavný autor: | |
|---|---|
| Médium: | Kapitola |
| Jazyk: | Slovak |
| Predmet: | |
| Tagy: |
Žiadne tagy, Buďte prvý, kto otaguje tento záznam!
|
MARC
| LEADER | 00000naa a2200000 4500 | ||
|---|---|---|---|
| 001 | r017948 | ||
| 005 | 20221205101505.0 | ||
| 041 | 0 | |a slo | |
| 044 | |a SK | ||
| 245 | 1 | 0 | |a Štúdia k pojmu cestovný ruch orientovaný na životné prostredie |c P. Beregszászi |
| 520 | |a Cestovný ruch orientovaný na životné prostredie a jeho charakteristika. Odporúčania pre cestovný ruch orientovaný na životné prostredie uvedené v Churskej deklarácii z r. 1984. | ||
| 610 | 2 | 0 | |a ruch cestovný |
| 610 | 2 | 0 | |a prostredie životné |
| 610 | 2 | 0 | |a infraštruktúra |
| 610 | 2 | 0 | |a podmienky prírodné |
| 610 | 2 | 0 | |a deklarácia |
| 100 | 1 | |a Beregszászi, P. | |